000 01027cam4a220030100 4500
001 lce00555447
008 790713s1960 mnua b 000 0 eng
010 _a 60012998 /L/r85
035 _a(Sirsi) r45192
035 _a(DLC) 60012998 /L/r85
035 _a(UPRA)lce00555447
040 _dUPRA
050 0 _aQK625.A1
_bB3 1960
082 _a589.24
100 1 _aBarnett, H. L. (Horace Leslie), 1909-
_qBarnett, H. L. (Horace Leslie), 1909-
_dBarnett, H. L. (Horace Leslie), 1909-
_6A2827.1
245 1 0 _aIllustrated genera of imperfect fungi.
250 _a2nd ed.
260 _aMinneapolis :
_bBurgess Pub. Co.,
_c[1960]
490 0 _aBurgess life science series: mycology
_6S1635.1
500 _aReprint of 1965.
504 _aIncludes bibliographical references.
650 0 _aFungi imperfecti.
_6S1984.1
650 0 _aFungi -- Identification.
_xFungi -- Identification.
_6S1985.1
740 0 _aImperfect fungi.
949 _aQK625.A1
_wlcc
_mMAIN
_tBOOK
_lON-SHELF
004 45192
987 _aWITHDRAWN.
999 _c163350
_d163350